Países con la mayor cantidad de títulos Grand Slam de tenis - Estadísticas

Estadísticas generales
  • Esta prueba ha sido intentada 4.079 veces
  • La puntuación promedio es 8 de 10
Estadísticas de respuestas
# Mejor Jugador(a) País % Correcto
38 Rafael Nadal España
99%
144 Serena Williams Estados Unidos
99%
29 Roger Federer Suiza
93%
14 María Sharápova Rusia
90%
35 Novak Dokovic Serbia
88%
32 Steffi Graf Alemania
86%
25 Björn Borg Suecia
83%
45 Margaret Court Australia
76%
11 Justine Henin Bélgica
51%
15 Ivan Lendl Checoslovaquia
28%
No se encontraron pruebas coincidentes
Distribución de puntuación
Porcentaje de gente con cada puntuación
Porcentaje por número respondido
Historial de tus puntuaciones
No has intentado esta prueba.